000 00508nam a22002177a 4500
003 UA-OsUOA
001 51975
007 ta
008 20080128b un ||||| |||| 00| 0 ukr d
100 _aГоловко Оксана
090 _a32
_bГ-61
942 _cSA
040 _aUA-OsUOA
_bukr
_cUA-OsUOA
_dUA-OsUOA
245 _aПроти неправомірних рішень
300 _aС.2
955 _a0
041 _aukr
080 _a32
773 0 _w51974
650 7 _a32 Політика
_2UDC
999 _c338066
_d338066